00592nam a22001577a 450000500170000001000150001702000260003203500130005803700130007108200130008424501810009726000310027827000810030930000230039070000210041320150805124515.0 aENG-113201 a9788180388392c495.00 aEN-96733 bDBAD/PUB a347.5412 aConstitutionalism and constitutional pluralism :cedited by P. Ishwara Bhatb one supreme law many communities : contemporary issues in India, South-East Asia, China & Europe / aGurgaonbLexis Nexisc2013 a14th Floor, Building no 10 Tower, DLF Cyber City, Phase-II,bGurgaone122002 aL,403p.c24cm(pbk) aBhat, P. Ishwara